Feminism: Ethical Issues/ (Record no. 206818)

MARC details
000 -LEADER
fixed length control field 00700nam a2200205 4500
005 - DATE AND TIME OF LATEST TRANSACTION
control field 20241028151802.0
010 ## - LCCN (DPL NO)
LC control number ENG-142476
020 ## - INTERNATIONAL STANDARD BOOK NUMBER
Terms of availability 400.00
International Standard Book Number 9789383147090
035 ## - SYSTEM CONTROL NUMBER
System control number EN-126008
037 ## - SOURCE OF ACQUISITION
Source of stock number/acquisition DBAD
082 ## - DEWEY DECIMAL CLASSIFICATION NUMBER
Classification number 305.42
100 ## - MAIN ENTRY--PERSONAL NAME
Personal name Sahay Yamini
245 ## - TITLE STATEMENT
Title Feminism: Ethical Issues/
Statement of responsibility, etc Yamini Sahay and Sohan Raj Tater
250 ## - EDITION STATEMENT
Edition statement First
260 ## - PUBLICATION, DISTRIBUTION, ETC. (IMPRINT)
Place of publication, distribution, etc Jaipur
Name of publisher, distributor, etc Co-Operation Publications
Date of publication, distribution, etc 2013
270 ## - ADDRESS
Address Dhamani Market Ki Gali, Choura Rasta
City Jaipur
Postal code 302003
Telephone number 01412310785
-- 01414022382
-- 01413255629
-- 01412322382
Electronic mail address sahityagarjpr@yahoo.co.in
300 ## - PHYSICAL DESCRIPTION
Extent 188p.
Dimensions 22cm(hb)
700 ## - ADDED ENTRY--PERSONAL NAME
Personal name Sohan Raj Tater
9 (RLIN) 73575
942 ## - ADDED ENTRY ELEMENTS (KOHA)
Source of classification or shelving scheme Dewey Decimal Classification
Item type English Books
Classification part 305.42
Call number suffix FEM
Edition 2013
Holdings
Withdrawn status Lost status Not for loan Collection code Home library Current library Date acquired Source of acquisition Cost, normal purchase price Full call number Barcode Copy number Cost, replacement price Koha item type
      Non-fiction Bawana Bawana 28/10/2024 DBAD 400.00 305.42 FEM EN-126008 1 400.00 English Books

© Delhi Public Library
Hit Counter
free hit counter